000 00253nam a2200109Ia 4500
008 190216s9999||||xx |||||||||||||| ||und||
100 _aArthur W Galston
245 0 _aLife Of Green Plant
260 _bPrentice Hall
_c1958
650 _aBotany
942 _cBK
999 _c1027
_d1027